Catalog

Record Details

Catalog Search



Automated Technology for Verification and Analysis 10th International Symposium, ATVA 2012, Thiruvananthapuram, India, October 3-6, 2012. Proceedings  Cover Image E-book E-book

Automated Technology for Verification and Analysis [electronic resource] : 10th International Symposium, ATVA 2012, Thiruvananthapuram, India, October 3-6, 2012. Proceedings / edited by Supratik Chakraborty, Madhavan Mukund.

Electronic resources


LDR 01942nam a22004695i 4500
00132775
003CONS
00520130727060620.0
007cr nn 008mamaa
008120928s2012 gw | s |||| 0|eng d
020 . ‡a9783642333866 ‡9978-3-642-33386-6
0247 . ‡a10.1007/978-3-642-33386-6 ‡2doi
035 . ‡a(DE-He213)978-3-642-33386-6
050 4. ‡aQA76.758
072 7. ‡aUMZ ‡2bicssc
072 7. ‡aCOM051230 ‡2bisacsh
1001 . ‡aChakraborty, Supratik. ‡eeditor.
24510. ‡aAutomated Technology for Verification and Analysis ‡h[electronic resource] : ‡b10th International Symposium, ATVA 2012, Thiruvananthapuram, India, October 3-6, 2012. Proceedings / ‡cedited by Supratik Chakraborty, Madhavan Mukund.
264 1. ‡aBerlin, Heidelberg : ‡bSpringer Berlin Heidelberg : ‡bImprint: Springer, ‡c2012.
300 . ‡aXIV, 436 p. 106 illus. ‡bonline resource.
336 . ‡atext ‡btxt ‡2rdacontent
337 . ‡acomputer ‡bc ‡2rdamedia
338 . ‡aonline resource ‡bcr ‡2rdacarrier
347 . ‡atext file ‡bPDF ‡2rda
4901 . ‡aLecture Notes in Computer Science, ‡x0302-9743
650 0. ‡aComputer science.
650 0. ‡aComputer Communication Networks.
650 0. ‡aSoftware engineering.
650 0. ‡aLogic design.
65014. ‡aComputer Science.
65024. ‡aSoftware Engineering.
65024. ‡aProgramming Techniques.
65024. ‡aComputer Communication Networks.
65024. ‡aLogics and Meanings of Programs.
65024. ‡aProgramming Languages, Compilers, Interpreters.
65024. ‡aSoftware Engineering/Programming and Operating Systems.
7001 . ‡aMukund, Madhavan. ‡eeditor.
7102 . ‡aSpringerLink (Online service)
7730 . ‡tSpringer eBooks
77608. ‡iPrinted edition: ‡z9783642333859
830 0. ‡aLecture Notes in Computer Science, ‡x0302-9743
85640. ‡uhttp://biblioteca.ipicyt.edu.mx:2048/login?url=http://dx.doi.org/10.1007/978-3-642-33386-6 ‡yTexto completo ‡9CONS
950 . ‡aComputer Science (Springer-11645)
901 . ‡a32775 ‡b ‡c32775 ‡tbiblio ‡sSystem Local

Additional Resources